ARRUPE JESUIT UNIVERSITY

CORONAVIRUS -STOP THE SPREAD - CLEAN,DISINFECT,COVER

Capital account liberalization : (Record no. 127855)

MARC details
000 -LEADER
fixed length control field 01328cam a2200313 a 4500
001 - CONTROL NUMBER
control field 2144223
003 - CONTROL NUMBER IDENTIFIER
control field ARRUPE
005 - DATE AND TIME OF LATEST TRANSACTION
control field 20180404115208.0
008 - FIXED-LENGTH DATA ELEMENTS--GENERAL INFORMATION
fixed length control field 980827s1998 dcua b 000 0 eng
010 ## - LIBRARY OF CONGRESS CONTROL NUMBER
LC control number 98043029
020 ## - INTERNATIONAL STANDARD BOOK NUMBER
International Standard Book Number 1557757771
040 ## - CATALOGING SOURCE
Original cataloging agency DLC
Transcribing agency DLC
Modifying agency DLC
050 00 - LIBRARY OF CONGRESS CALL NUMBER
Classification number HG3891
Item number .C355 1998
082 00 - DEWEY DECIMAL CLASSIFICATION NUMBER
Classification number 332/.042
Edition number 21
300 ## - PHYSICAL DESCRIPTION
Other physical details ill. ;
Dimensions 28 cm.
100 ## - MAIN ENTRY--PERSONAL NAME
Personal name Eishengreen, Barry
9 (RLIN) 41291
245 00 - TITLE STATEMENT
Title Capital account liberalization :
Remainder of title theoretical and practical aspects /
Statement of responsibility, etc by a staff team led by Barry Eichengreen and Michael Mussa ; with Giovanni Dell'Ariccia ... [et al.].
260 ## - PUBLICATION, DISTRIBUTION, ETC. (IMPRINT)
Place of publication, distribution, etc Washington, D.C. :
Name of publisher, distributor, etc International Monetary Fund,
Date of publication, distribution, etc 1998.
300 ## - PHYSICAL DESCRIPTION
Extent v, 61 p. :
490 1# - SERIES STATEMENT
Series statement Occasional paper / International Monetary Fund ;
Volume number/sequential designation 172
504 ## - BIBLIOGRAPHY, ETC. NOTE
Bibliography, etc Includes bibliographical references (p. ).
650 #0 - SUBJECT ADDED ENTRY--TOPICAL TERM
Topical term or geographic name as entry element Capital movements.
9 (RLIN) 41292
700 1# - ADDED ENTRY--PERSONAL NAME
Personal name Eichengreen, Barry J.
9 (RLIN) 36723
700 1# - ADDED ENTRY--PERSONAL NAME
Personal name Mussa, Michael.
9 (RLIN) 41293
700 1# - ADDED ENTRY--PERSONAL NAME
Personal name Dell'Ariccia, Giovanni.
9 (RLIN) 41294
830 #0 - SERIES ADDED ENTRY--UNIFORM TITLE
Uniform title Occasional paper (International Monetary Fund) ;
Volume number/sequential designation no. 172.
9 (RLIN) 41295
856 7# - ELECTRONIC LOCATION AND ACCESS
Materials specified Table of contents
Uniform Resource Identifier <a href="http://lcweb.loc.gov/catdir/toc/98-43029.html">http://lcweb.loc.gov/catdir/toc/98-43029.html</a>
Access method http
906 ## - LOCAL DATA ELEMENT F, LDF (RLIN)
a 7
b cbc
c orignew
d 1
e ocip
f 19
g y-gencatlg
942 ## - ADDED ENTRY ELEMENTS (KOHA)
Source of classification or shelving scheme Library of Congress Classification
Koha item type Monograph ( Printed materials)
Holdings
Withdrawn status Lost status Source of classification or shelving scheme Damaged status Not for loan Collection code Home library Current library Shelving location Date acquired Total Checkouts Full call number Barcode Date last seen Price effective from Koha item type
    Library of Congress Classification     Main Collection ARRUPE LIBRARY ARRUPE LIBRARY Main Collection 04/04/2018   HG3891 .C355 1998 46600001696 30/04/2018 04/04/2018 Monograph ( Printed materials)

 

Arrupe Library. PO Box MP320 Mt Pleasant, Harare, Zimbabwe
263 242 745411|librarian@aju.ac.zw